Statistics for NLCS losers since 2000

Click here to take the quiz!

General Stats

  • This quiz has been taken 27 times
  • The average score is 23 of 24

Answer Stats

HintAnswer% Correct
2020Braves
100%
2001Braves
100%
2017Cubs
100%
2015Cubs
100%
2003Cubs
100%
2008Dodgers
100%
2021Dodgers
100%
2016Dodgers
100%
2013Dodgers
100%
2009Dodgers
100%
2006Mets
100%
2023Phillies
100%
2010Phillies
100%
2002Cardinals
92%
2005Cardinals
92%
2000Cardinals
92%
2012Cardinals
92%
2014Cardinals
92%
2019Cardinals
92%
2022Padres
92%
2004Astros
84%
2018Brewers
84%
2011Brewers
84%
2007Diamondbacks
84%

Score Distribution

Percentile by Number Answered

Percent of People with Each Score

Your Score History

You have not taken this quiz